Novos contos de fadas (Registo nº 4176)

Detalhes MARC
000 -Etiqueta do registo
Cabeçalho 00770cam a2200289 4500
005 - Identificador da versão
Campo de controlo 20240813122054.0
095 ## -
-- PTBN00267678
010 ## - Número internacional normalizado dos livros (ISBN)
Número (ISBN) 972231307X
021 ## - Número do Depósito Legal
Código do país PT
Número 37333/90
100 ## - Dados gerais de processamento
Dados gerais de processamento 19910307d1990 bc y0pory5003 ba
102 ## - Pais de publicação ou produção
País de publicação Portugal
101 1# - Língua de publicação
Língua do texto, banda sonora, etc. Português
Língua do documento no original Inglês
106 ## - Campo de dados codificados: material textual
Dados codificados do material textual r
105 ## - Campo de dados codificados: livros
Dados codificados dos livros a z 001fy
215 ## - Descrição física 
Indicação específica da natureza do documento e extensão da espécie 128 p.
Outras indicações físicas il.
Dimensões 29 cm
200 1# - Titulo e menção de responsabilidade
Título próprio Novos contos de fadas
Primeira menção de responsabilidade Terry Jones
Outras menções de responsabilidade il. Michael Foreman
-- trad. Fernando Rebelo
205 ## - Menção da edição
Menção da edição 1ª ed
210 ## - Publicação, Distribuição, etc. 
Lugar da edição, distribuição, etc. Lisboa
Nome do editor, distribuidor, etc. Presença
Data da publicação, distribuição, etc. 1990
675 ## - Classificação Decimal Universal (CDU)
Notação 087.5
Edição BN
Língua da edição por
702 #1 - Nome de autor-pessoa física (responsabilidade secundária)
Número de registo de entrada de autoridade 0000808
Palavra de ordem Foreman
Outra parte do nome não tomada para palavra de ordem Michael
Código de função Ilustrador / Técnico de desenho computorizado
Número de registo de entrada de autoridade 0000809
ID Autoridade 2
Palavra de ordem Rebelo
Outra parte do nome não tomada para palavra de ordem Fernando
Datas 19 -
Código de função Tradutor
700 #1 - Nome de autor-pessoa física (responsabilidade principal)
Número de registo de entrada de autoridade 0000807
Palavra de ordem Jones
Outra parte do nome não tomada para palavra de ordem Terry
942 ## - Elementos de entrada adicionados (Koha)
Tipo de item no Koha Livro
Exemplares
Situação do levantamento Origin of item (home branch) (coded) Biblioteca de empréstimo Código de barras Cota Circulation type (not for loan) Tipo de documento Nota do exemplar Damaged status
  Biblioteca Escolar das Vendas Biblioteca Escolar das Vendas BEV100 8EST JON   Livro Sem mensagem